<?xml version="1.0" encoding="UTF-8"?>
<record
    xmlns:xsi="http://www.w3.org/2001/XMLSchema-instance"
    xsi:schemaLocation="http://www.loc.gov/MARC21/slim http://www.loc.gov/standards/marcxml/schema/MARC21slim.xsd"
    xmlns="http://www.loc.gov/MARC21/slim">

  <leader>02229nam a22001817a 4500</leader>
  <controlfield tag="008">200127b        xxu||||| |||| 00| 0 eng d</controlfield>
  <datafield tag="050" ind1=" " ind2=" ">
    <subfield code="a">KD1629.A32(9e)</subfield>
  </datafield>
  <datafield tag="100" ind1=" " ind2=" ">
    <subfield code="a">Abbot, Keith.</subfield>
  </datafield>
  <datafield tag="245" ind1=" " ind2=" ">
    <subfield code="a">Business law. /</subfield>
    <subfield code="c">Keith Abbot,Norman Pendlebury and Kevin Wardman.</subfield>
  </datafield>
  <datafield tag="250" ind1=" " ind2=" ">
    <subfield code="a">9th ed.</subfield>
  </datafield>
  <datafield tag="260" ind1=" " ind2=" ">
    <subfield code="a">Hampshire :</subfield>
    <subfield code="b">Cengage Learning EMEA,</subfield>
    <subfield code="c">2013.</subfield>
  </datafield>
  <datafield tag="300" ind1=" " ind2=" ">
    <subfield code="a">xxv, 677 p. :</subfield>
    <subfield code="b">ill. ;</subfield>
    <subfield code="c">25 cm.</subfield>
  </datafield>
  <datafield tag="500" ind1=" " ind2=" ">
    <subfield code="a">Includes appendix and index.</subfield>
  </datafield>
  <datafield tag="505" ind1=" " ind2=" ">
    <subfield code="a">Contents: Part One: The English legal system: Introduction -- The main sources of English law -- Origins of common law and equity -- The courts -- Tribunals and arbitration -- The personnel of the law -- Procedure and evidence -- The law of persons -- Property law -- Part Two: What is a contract -- Capacity to contract -- Form of contracts -- The contents of contracts -- Invalidating factors -- Discharge of contracts -- Remedies for breach of contract -- Privity of contract -- Part Three: The law of torts: The nature of a tort -- General defences -- Negligence -- Strict liability -- Nuisance -- Trespass and conversion -- Defamation -- Remedies and  limitation periods -- Part Four: Commercial law: Agency -- Sale of goods -- Consumer protection -- Competition policy -- Consumer credit -- Insurance -- Patents, copyright, trade mark and passing-off -- Data protection -- Regulatory bodies -- Part Five: Sole trader, partnership and company: Non-corporate bodies -- Corporate bodies - the company -- The articles of association -- Share capital -- Loan capital -- Membership and minority protection -- Directors and the secretary -- Auditors and investigations -- Meetings, resolutions and publicity -- Reconstructions, mergers and takeovers -- Liquidation, administration (and administration orders), receivership and voluntary arrangements -- Part Six: Employment law: Employees and self-employed -- The contract of employment -- The common law duties of an employee -- Wages -- Maternity rights -- Equality -- Termination of contracts of employment -- Redundancy -- Industrial injuries: employer's liability -- Health and safety at work -- Institutions and tribunals -- Trade unions.   </subfield>
  </datafield>
  <datafield tag="700" ind1=" " ind2=" ">
    <subfield code="a">Pendlebury, Norman.</subfield>
  </datafield>
  <datafield tag="700" ind1=" " ind2=" ">
    <subfield code="a">Wardman, Kevin.</subfield>
  </datafield>
  <datafield tag="942" ind1=" " ind2=" ">
    <subfield code="2">lcc</subfield>
    <subfield code="c">BK</subfield>
  </datafield>
  <datafield tag="999" ind1=" " ind2=" ">
    <subfield code="c">7000</subfield>
    <subfield code="d">14500</subfield>
  </datafield>
  <datafield tag="952" ind1=" " ind2=" ">
    <subfield code="0">0</subfield>
    <subfield code="1">0</subfield>
    <subfield code="2">lcc</subfield>
    <subfield code="4">0</subfield>
    <subfield code="7">0</subfield>
    <subfield code="a">WIUC-1</subfield>
    <subfield code="b">WIUC-1</subfield>
    <subfield code="c">LL</subfield>
    <subfield code="d">2020-01-27</subfield>
    <subfield code="l">0</subfield>
    <subfield code="o">KD1629.A32(9e)</subfield>
    <subfield code="p">2709/013/20</subfield>
    <subfield code="r">2020-01-27 00:00:00</subfield>
    <subfield code="w">2020-01-27</subfield>
    <subfield code="y">BK</subfield>
  </datafield>
</record>
